classe 2 - Statistiques

Statistiques générales
  • Ce quiz a été pris 6 fois
  • Le résultat moyen est 39 sur 47
Statistiques - réponses
libellé compte % Correct
Frais d'établissement 201
100%
Frais de recherche et de développement 203
100%
Concessions et droits similaires, brevets, licences, marques, procédés, logiciels, droits et valeurs similaires 205
100%
Droit au bail 206
100%
Fonds commercial 207
100%
Autres immobilisations incorporelles 208
100%
IMMOBILISATIONS CORPORELLES 21
100%
Terrains 211
100%
Agencements et aménagements de terrains (même ventilation que celle du compte 211) 212
100%
Constructions 213
100%
Constructions sur sol d'autrui (même ventilation que celle du compte 213) 214
100%
Installations techniques, matériels et outillage industriels 215
100%
Autres immobilisations corporelles 218
100%
IMMOBILISATIONS MISES EN CONCESSION 22
100%
IMMOBILISATIONS EN COURS 23
100%
Immobilisations corporelles en cours 231
100%
Immobilisations incorporelles en cours 232
100%
AUTRES IMMOBILISATIONS FINANCIÈRES 27
100%
Titres immobilisés autres que les titres immobilisés de l'activité de portefeuille 271
100%
Titres immobilisés (droit de créance) 272
100%
Titres immobilisés de l'activité de portefeuille 273
100%
Prêts 274
100%
Dépôts et cautionnements versés 275
100%
Autres créances immobilisées 276
100%
Actions propres ou parts propres 277
100%
Mali de fusion sur actifs financiers 278
100%
Versements restant à effectuer sur titres immobilisés non libérés 279
100%
AMORTISSEMENTS DES IMMOBILISATIONS 28
100%
Avances et acomptes versés sur immobilisations incorporelles 237
80%
Avances et acomptes versés sur commandes d'immobilisations corporelles 238
80%
Titres de participation 261
80%
Autres formes de participation 266
80%
Créances rattachées à des participations 267
80%
Créances rattachées à des sociétés en participation 268
80%
Versements restant à effectuer sur titres de participation non libérés 269
80%
PARTS DANS DES ENTREPRISES LIÉES ET CRÉANCES SUR DES ENTREPRISES LIÉES 25
60%
PARTICIPATIONS ET CRÉANCES RATTACHÉES À DES PARTICIPATIONS 26
60%
DÉPRÉCIATIONS DES IMMOBILISATIONS 29
60%
Amortissements des immobilisations incorporelles 280
40%
Amortissements des immobilisations corporelles 281
40%
Amortissements des immobilisations mises en concession 282
40%
Dépréciations des immobilisations incorporelles 290
40%
dépréciations des immobilisations corporelles 291
40%
dépréciations des immobilisations mises en concession 292
40%
dépréciations des immobilisations en cours 293
40%
Dépréciations des participations et créances rattachées à des participations – 296
40%
Dépréciations des autres immobilisations financières 297
40%
Aucun quiz correspondant
Distribution des résultats
% des personnes avec chaque résultat
Percentile par nombre de réponses
Votre historique - résultats
Vous n’avez pas pris ce quiz